Aktuálne problémy organizácie agrárneho trhu a trhu s obilninami po vstupe SR do EÚ

Agrárny trh SR ako súčasť jednotného agrárneho trhu krajín EÚ, kde organizácia trhu sa riadi spoločnými trhovými poriadkami (Common market organization). Spoločná organizácia trhu s plodinami na ornej pôde. Trh s obilninami v SR a EÚ. Komparácia cien vybraných komodít obilnín krajín EÚ. Komparácia c...

Ausführliche Beschreibung

Gespeichert in:
Bibliographische Detailangaben
1. Verfasser: Šimo, Dušan
Format: Buchkapitel
Sprache:Slowakisch
Schlagworte:
Tags: Tag hinzufügen
Keine Tags, Fügen Sie das erste Tag hinzu!

MARC

LEADER 00000naa$a2200000$$$4500
001 0040791
005 20220726084847.3
041 0 |a slo 
044 |a SK 
245 1 0 |a Aktuálne problémy organizácie agrárneho trhu a trhu s obilninami po vstupe SR do EÚ  |c Dušan Šimo 
520 |a Agrárny trh SR ako súčasť jednotného agrárneho trhu krajín EÚ, kde organizácia trhu sa riadi spoločnými trhovými poriadkami (Common market organization). Spoločná organizácia trhu s plodinami na ornej pôde. Trh s obilninami v SR a EÚ. Komparácia cien vybraných komodít obilnín krajín EÚ. Komparácia cien jačmeňa. 
610 2 0 |a trh poľnohospodársky 
610 2 0 |a Európska únia 
610 2 0 |a trh spoločný 
610 2 0 |a Slovensko 
610 2 0 |a plodiny poľnohospodárske 
610 2 0 |a politika poľnohospodárska 
610 2 0 |a komodity 
610 2 0 |a obilniny 
610 2 0 |a ceny 
610 2 0 |a pšenica 
610 2 0 |a jačmeň sladovnícky 
100 1 |a Šimo, Dušan